Venclová, Natalie. Mšecké Žehrovice in Bohemia. - Sceaux : Kronos Editions. - 1998 [Rezension]

Titel: Venclová, Natalie. Mšecké Žehrovice in Bohemia. - Sceaux : Kronos Editions. - 1998 [Rezension]
Verfasser:
In: Pravěk, Band 8 (1998), Seite 434-436
alle Artikel anzeigen
Veröffentlicht: 1998 [1999]
Format: Aufsatz
Sprache: Tschechisch
Kein Bild verfügbar
X
alg: 39518104
001A    $01999:12-11-16 
001B    $01999:09-08-21 $t17:42:17.000 
001D    $01999:12-11-16 
001U    $0utf8 
001X    $00 
002@    $0Aox 
003@    $0395181046 
007A    $0395181046 $aHEB 
007T    $0Herdp27023 
010@    $acze 
011@    $a1998 $n1998 [1999] 
021A    $aVenclová, Natalie. Mšecké Žehrovice in Bohemia. - Sceaux : Kronos Editions. -  1998 [Rezension] 
028A    $aČižmář $dMiloš 
031A    $d8 $h434-436 $j1998 
039B    $aIn $8--Abvc--. Pravěk. - Brno {[u.a.] : Ústav Archeologické Památkové Péče Brno, 1903-. - ISSN 1211-8338 $x199800000080000566 $9047306319 
039T    $8--Aax--Venclová, Natalie. Mšecké Žehrovice in Bohemia. - Sceaux : Kronos Editions, 1998. - 384 S.. - 117 + 50 Abb. $9395475511 
045F    $a900.94371 $eDDC23BSB 
045F/01 $a900 
045F/03 $g4371 
045T    $a6,11 $a6,12 

lok: 39518104 78

exp: 39518104 78 1 #EPN
201B/01 $026-11-17 $t04:07:51.000 
201U/01 $0utf8 
203@/01 $0791491420 
208@/01 $a12-11-16 $be 
209A/01 $a/ $f000 $x00 
220C/01 $aHerkunft: HÚ AV ČR Praha 
244Z/01 $#Tschechien $#Tschechische Republik $#Tschechische Republik $#Tschechenland $#Tschechei Tschechien $#Česká Republika $#Czech Republic $#ČR $74303381-7 $8--Tg1--Tschechien $x01 $9086659812 
244Z/01 $2Trx $#Böhmen $#Bohemia $#Czechy $8--Trx--Čechy $x02 $9391188941 
244Z/01 $2Trx $#arvustused $#recenzijos $#Reviews $#recenziók $#recenzje $#recenzie $#recenze $8--Trx--Rezensionen $x03 $9391357441 
247C/01 $82080>Marburg/Lahn, Herder-Institut, Forschungsbibliothek, Bibliographieportal $9336309341
LEADER 00000caa a22000002c 4500
001 395181046
003 DE-603
005 20210809174217.0
007 tu
008 161112s1998 xx |||| | u00||u|cze c
035 |a (DE-599)HEB395181046 
040 |a DE-603  |b ger  |c DE-603  |d DE-603 
041 |a cze 
082 0 4 |8 1\u  |a 900.94371  |q DE-101  |2 23/BSB 
084 |a 6,11  |a 6,12  |2 ssgn 
085 |8 1\u  |b 900 
085 |8 1\u  |z 2  |s 4371 
100 1 |a Čižmář, Miloš 
245 0 0 |a Venclová, Natalie. Mšecké Žehrovice in Bohemia. - Sceaux : Kronos Editions. - 1998 [Rezension] 
264 0 |c 1998 [1999] 
773 0 8 |i In  |t Pravěk  |d Brno ˜[u.a.] œ: Ústav Archeologické Památkové Péče Brno, 1903-  |x 1211-8338  |g Band 8 (1998), Seite 434-436  |w (DE-603)047306319  |w (DE-600)209024-7 
787 0 8 |i Rezension von  |a Venclová, Natalie  |t Mšecké Žehrovice in Bohemia  |d Sceaux : Kronos Editions, 1998  |h 384 S., 117 + 50 Abb.  |w (DE-603)395475511 
924 0 |9 2080  |a (DE-603)791491420  |b DE-2080  |c HES  |d d  |g /